| 000 | 00939pam a2200277 i 4500 | ||
|---|---|---|---|
| 999 |
_c93777 _d93777 |
||
| 001 | 3246366 | ||
| 003 | ARRUPE | ||
| 005 | 20170718112818.0 | ||
| 008 | 810105s1981 nyu b 001 0 eng | ||
| 010 | _a 80069826 | ||
| 020 | _a0801412897 | ||
| 040 |
_aDLC _cDLC _dDLC |
||
| 043 | _ae------ | ||
| 050 | 0 | 0 |
_aB801 _b.L63 |
| 082 | 0 | 0 |
_a110/.9/032 _219 |
| 100 | 1 |
_aLoeb, Louis E. _933151 |
|
| 245 | 1 | 0 |
_aFrom Descartes to Hume : _bcontinental metaphysics and the development of modern philosophy / _cLouis E. Loeb. |
| 260 |
_aIthaca, N.Y. : _bCornell University Press, _cc1981. |
||
| 300 |
_a382 p. ; _c24 cm. |
||
| 500 | _aIncludes index. | ||
| 504 | _aBibliography: p. [365]-373. | ||
| 650 | 0 |
_aPhilosophy, Modern _y17th century. _933133 |
|
| 650 | 0 |
_aMetaphysics _xHistory _y17th century. _933152 |
|
| 906 |
_a7 _bcbc _corignew _d1 _eopcn _f19 _gy-gencatlg |
||
| 942 |
_2lcc _cMONOGRAPH |
||